| 000 | 00504cam a2200205 4500 | ||
|---|---|---|---|
| 008 | 090401t1997 xxu||||| |||| 00| 0 eng d | ||
| 020 | _a0333662970 | ||
| 035 | _a(Sirsi) u79835 | ||
| 041 | _aeng | ||
| 050 | _a395.4 | ||
| 100 | _aShanson, T.L. | ||
| 245 | _aInternational guide to forms of address. | ||
| 260 |
_aLondon _bMacMillan _c1997 |
||
| 300 | _axv,263p. ; 20cm. | ||
| 350 | _a16.99 | ||
| 650 | _aFORMS OF ADDRESS | ||
| 690 | _aECONOMIC AND SOCIAL | ||
| 942 | _n0 | ||
| 948 | _c23/07/1997 | ||
| 999 |
_c96567 _d96567 |
||